| 000 | 00384nam a22001217a 4500 | ||
|---|---|---|---|
| 999 |
_c1491 _d1491 |
||
| 005 | 20200901103510.0 | ||
| 008 | 200901b ||||| |||| 00| 0 eng d | ||
| 020 | _a0719540933 | ||
| 040 | _cCML | ||
| 245 |
_aChildren Reading Mathematics. _cShuard, H. & Rothery, A. |
||
| 260 |
_aLondon _bJohn Murray (Publishers) Ltd _c1984 |
||
| 942 |
_2ddc _cBK _e1st Edition _h510.76 _mSHU |
||